000 00438ntaaa2200181 4500
003 01
005 20251027202745.0
008 0714s1973 ag 01
040 _aAR-BaBN
_bspa
_cAR-BaBN
_eaacr
_dRIC
082 _a790.2000 D65
100 _aDoan, Eleanor
_927533
245 _aHobby fun
250 _a1 ed.
260 _aGrand Rapids :
_bZondervan Publishing House,
_cc1958
300 _a64 p
500 _aIdeas para hobby
942 _cBK
999 _c22840
_d22840